| 000 | 00328pam a2200133 a 4500 | ||
|---|---|---|---|
| 020 | _c | ||
| 041 | _h | ||
| 082 |
_a743.6 _bPIN |
||
| 100 | _aPolly Pinder Susie Hodge. | ||
| 245 |
_aHow to draw Animals in Simple Steps _hTextual Documents |
||
| 260 |
_a[s.l]: _bSear press U. k. . |
||
| 300 |
_a144: _bpaper. |
||
| 930 | _a7449 | ||
| 999 |
_c241239 _d241239 |
||